000
00436nam a2200133Ia 4500
008
100328s9999 xx 000 0 und d
082
_b
53493
100
_a
पठाण यू.म.
245
_a
नागेश संप्रदाय
260
_b
बहि:शाल शिक्षण मंड़ळ
630
_a
नागेश संप्रदाय
730
_a
नागेश संप्रदाय
942
_c
BOOK
999
_c
540239
_d
540236